| 000 | 00939nam0a22002771 4500 | ||
|---|---|---|---|
| 001 | rc\3912500 | ||
| 005 | 20130415105628.4 | ||
| 021 |
_aRU _b[47-14769] |
||
| 035 | _a(NLR Aleph) 008020177 | ||
| 090 |
_a8755717 _c8755717 |
||
| 100 | _a20130415d1947 |||y0rusy50 ca | ||
| 101 | 0 | _arus | |
| 102 | _aRU | ||
| 105 | _aa z ||||| | ||
| 200 | 1 | _aЗаразихи и борьба с ними | |
| 210 |
_aМосква _cСельхозгиз _d1947 _gОбразцовая тип. |
||
| 215 |
_a76 с. _cил. _d19 |
||
| 300 | _aПеред загл. авт.: И.Г. Бейлин, д-р биол. наук | ||
| 320 | _aБиблиогр.: с. 75 | ||
| 606 |
_aЗаразихи сельскохозяйственных культур _2psbo |
||
| 700 | 1 |
_aБейлин _bИ. Г. _f1883-1965 _gИсаак Григорьевич |
|
| 801 | 0 |
_aRU _bNLR _gpsbo |
|
| 801 | 1 |
_aRU _bELAR _2rusmarc |
|
| 852 |
_aNLR _jС70 Г-4/185 |
||
| 942 | _cBOOK | ||
| 980 | _aNB | ||